1043 1192 1061 1853 1301 1967 1630 1641 1017 1222 1259 1350 1945 1614 1349 1335 1359 1903 1423 1863 1569 1978 1341 1542 1992 1207 1701 1208 1888 1719 1224 1631 1580 1004 1288 1728 1696 1056 1324 1396 1362 1566 1160 1710 1596 1285 1481 1403 1449 1065 1273 1595 1499 1006 1249 1138 1005 1675 1479 1213 1812 1895 1415 1354 1705 1602 1212 1949 1849 1535 1358 1710 1378 1530 1770 1932 1242 1874 1124 1522 1647 1808 1321 1571 1711 1268 1779 1433 1363 1013 1707 1713 1773 1607 1816 1725 1252 1322 1288 BCNSPRNW ULIB Ver.6.0+V

เปลี่ยนเป็นภาษาไทย

Change to English
 แสดงรายละเอียดบรรณานุกรม
  กลับหน้าหลัก

Brief Record : Get Marc (ISO 2709) : E-mail record : QR code < ปิดหน้าต่าง
LEADER : 00000nam a2200000 a 4500
001    13399113753
003     ULIB
008    080627s2550 th a 000 0 tha d
020    ^a9789748817064
060 04 ^aWY11^bว559ป
100 0  ^aวิเชียร ทวีลาภ
245 10 ^aประวัติและวิวัฒนาการการพยาบาลในประเทศไทย (พ.ศ. 2439 - พ.ศ.
250    ^aพิมพ์ครั้งที่ 1
260    ^aกรุงเทพฯ :^bวัฒนกิจพาณิชย์,^c2550
300    ^a[14], 145 หน้า :^bภาพประกอบ ;^c21 ซม.
650  4 ^aการพยาบาล
650  4 ^aประวัติการพยาบาล
945    ^p0^l0^i030862
945    ^p0^l0^i030863
945    ^p0^l0^i030864
945    ^p0^l0^i030865
945    ^p0^l0^i030866
945    ^p0^l0^i030867
945    ^p0^l0^i030868
945    ^p0^l0^i030869
945    ^p0^l0^i030870
945    ^p0^l0^i030871
945    ^p0^l0^i034377
945    ^p0^l0^i034378
945    ^p0^l0^i034379
995    ^aเกษร
999 ^a ใช้งานได้ทุกระบบ
รายการนี้ยังไม่มีแท็ก
คุณยังไม่ได้ล็อกอิน คุณสามารถมีกิจกรรมร่วมกับเว็บไซต์ได้ แต่ต้องล็อกอินก่อน ::
  ล็อกอิน

รายการสื่อสารสนเทศ

ลำดับที่ ประเภท เลขเรียก/บาร์โค้ด สถานที่ สถานะ
1. Book การพยาบาล
Book การพยาบาล
WY11 ว559ป ฉ.11 
  Barcode: 034377
ห้องสมุดวิทยาเขตสวรรค์ประชารักษ์
►หนังสือทั่วไป
บนชั้น
Note:รับบริจาค อ.วิเชียร ทวีลาภ
2. Book การพยาบาล
Book การพยาบาล
WY11 ว559ป ฉ.12 
  Barcode: 034378
ห้องสมุดวิทยาเขตสวรรค์ประชารักษ์
►หนังสือทั่วไป
บนชั้น
Note:รับบริจาค อ.วิเชียร ทวีลาภ
3. Book การพยาบาล
Book การพยาบาล
WY11 ว559ป ฉ.13 
  Barcode: 034379
ห้องสมุดวิทยาเขตสวรรค์ประชารักษ์
►หนังสือทั่วไป
บนชั้น
Note:รับบริจาค อ.วิเชียร ทวีลาภ

รายการใกล้เคียง
    ผู้แต่ง [วิเชียร ทวีลาภ]

    หัวเรื่อง [การพยาบาล]
    หัวเรื่อง [ประวัติการพยาบาล]

BibComment


ยังไม่เคยถูกคอมเมนท์

คอมเมนท์ทรัพยากรรายการนี้
  คอมเมนท์: ประวัติและวิวัฒน..


 Copyright 2026. Bcnsprnw @Library